000 00674nam a2200289Ia 4500
005 20260324131546.0
008 008 260324s9999 xx 000 0 eng d
020 _a9781351195515
037 _aEBOOK
040 _aCRL
040 _beng
040 _cCRL
041 _2eng
041 _aeng
084 _qCRL
100 _aAnna-Laura Lepschy
_91185957
245 0 _aRethinking Languages in Contact
245 4 _bThe Case of Italian
260 _bTaylor and Francis
260 _c2006
365 _a
365 _b230
856 _uhttp://www.taylorfrancis.com/books/9781351195515
942 _cEBOOK
999 _c1783240
_d1783240